000 00620cam a2200205 4500
001 D15347
008 090401t1981 xxu||||| |||| 00| 0 eng d
035 _a(Sirsi) u22064
041 _aeng
050 _a344.01
110 _aRoyal Institution of Chartered Surveyors
_94900
245 _aEmployment protection [One - day conference, held at RICS] 5th February 1981
260 _aLondon
_bSurveyors` Technical Services
_c1981
300 _aProgramme and synopses of 3 papers
350 _a0
520 _aFiled in box RICS 1981/5A
710 _aGeneral Practice Division
_9752
942 _n0
948 _c04/03/1997
999 _c88119
_d88119